LEADER 01247nam0-22003731i-450- 001 990001323000403321 010 $a3-540-54120-9 035 $a000132300 035 $aFED01000132300 035 $a(Aleph)000132300FED01 035 $a000132300 100 $a20000920d1991----km-y0itay50------ba 101 0 $aeng 200 1 $aDelay differential equations and dynamical systems$eProceedings of a Conference in honor of Kenneth Cooke held in Claremont, California, Jan. 13-16, 1990$feditors Stavros Bussenberg, Mario Martelli. 210 $aBerlin$cSpringer-Verlag$dc1991. 215 $aVIII, 249 p.$d25 cm 225 1 $aLecture Notes in Mathematics$v1475 . 610 0 $aTeoria qualitativa$aCongressi 610 0 $aTeoria della stabilita$aCongressi 610 0 $aEquazioni differenziali ordinarie$aCongressi 676 $a515.352 702 1$aBusenberg,$bStavros N. 702 1$aCook E,$bKenneth 702 1$aMartelli,$bMario$f<1925-2007> 801 0$aIT$bUNINA$gRICA$2UNIMARC 901 $aBK 912 $a990001323000403321 952 $aC-20-(1475$b9012$fMA1 959 $aMA1 962 $a34CXX 962 $a34DXX 996 $aDelay differential equations and dynamical systems$981351 997 $aUNINA DB $aING01 LEADER 02776nam 2200601 450 001 9910820407803321 005 20170822144135.0 010 $a1-4704-0385-4 035 $a(CKB)3360000000464971 035 $a(EBL)3114528 035 $a(SSID)ssj0000973241 035 $a(PQKBManifestationID)11514567 035 $a(PQKBTitleCode)TC0000973241 035 $a(PQKBWorkID)10959035 035 $a(PQKB)11679278 035 $a(MiAaPQ)EBC3114528 035 $a(RPAM)13180597 035 $a(PPN)195416732 035 $a(EXLCZ)993360000000464971 100 $a20030430h20032003 uy| 0 101 0 $aeng 135 $aur|n|---||||| 181 $ctxt 182 $cc 183 $acr 200 10$aInterpolation of weighted Banach lattices $ea characterization of relatively decomposable Banach lattices /$fMichael Cwikel, Per G. Nilsson, Gideon Schechtman 210 1$aProvidence, Rhode Island :$cAmerican Mathematical Society,$d[2003] 210 4$dİ2003 215 $a1 online resource (142 p.) 225 1 $aMemoirs of the American Mathematical Society,$x0065-9266 ;$vnumber 787 300 $a"Volume 165, number 787 (end of volume)." 311 $a0-8218-3382-0 320 $aIncludes bibliographical references. 327 $a""Table of Contents""; ""Interpolation of weighted Banach lattices""; ""0. Introduction""; ""1. Definitions, terminology and preliminary results""; ""2. The main results""; ""3. A uniqueness theorem""; ""4. Two properties of the K-functional for a couple of Banach lattices""; ""5. Characterizations of couples which are uniformly Calderon-Mityagin for all weights""; ""6. Some uniform boundedness principles for interpolation of Banach lattices""; ""7. Appendix: Lozanovskii's formula for general Banach lattices of measurable functions""; ""References"" 327 $a""A characterization of relatively decomposable Banach lattices""""1. Introduction""; ""2. Equal norm upper and lower pa???estimates and some other preliminary results""; ""3. Completion of the proof of the main theorem""; ""4. Application to the problem of characterizing interpolation spaces""; ""References"" 410 0$aMemoirs of the American Mathematical Society ;$vno. 787. 606 $aBanach lattices 606 $aInterpolation 615 0$aBanach lattices. 615 0$aInterpolation. 676 $a510 s 676 $a515/.732 700 $aCwikel$b M$g(Michael),$f1948-$060440 701 2$aCwikel$b M$g(Michael),$f1948-$060440 702 $aNilsson$b Per G.$f1955- 702 $aSchechtman$b Gideon$f1947- 801 0$bMiAaPQ 801 1$bMiAaPQ 801 2$bMiAaPQ 906 $aBOOK 912 $a9910820407803321 996 $aInterpolation of weighted Banach lattices$94108122 997 $aUNINA